000 00514nam a2200205Ia 4500
003 OSt
005 20230331152706.0
008 210423s2009 xx 000 0 und d
020 _a9781861978097
040 _cAL
041 _aeng
082 _a658.15 TENJ
100 _aTENNENT (John).
_981101
245 _aGuide to financial management.
260 _aNew Delhi
_bViva Books Pvt Ltd
_c2009
300 _avi,327
_bPB
365 _b395
_cINR
906 _afinancial ; Guide ; management.
942 _2ddc
_cBK
999 _c157739
_d157739